Disaggregation in econometric modelling /
Guardado en:
| Otros Autores: | , |
|---|---|
| Formato: | Libro |
| Idioma: | English |
| Publicado: |
London ; New York :
Routledge,
1990.
|
| Materias: | |
| Etiquetas: |
Agregar Etiqueta
Sin Etiquetas, Sea el primero en etiquetar este registro!
|
| LEADER | 02313pam a2200253 a 4500 | ||
|---|---|---|---|
| 001 | EEO.eeo001056 | ||
| 008 | 900212s1990####enka###g#b####001#0#eng## | ||
| 005 | 20100802152613.0 | ||
| 245 | 0 | 0 | |a Disaggregation in econometric modelling / |c edited by Terry Barker and M. Hashem Pesaran. |
| 260 | |a London ; |a New York : |b Routledge, |c 1990. | ||
| 300 | |a xiv, 348 p. : |b il. ; |c 23 cm. | ||
| 504 | |a Incluye referencias bibliográficas (p. 330-343) e índice. | ||
| 505 | 0 | |a Aggregation of time-series variables: a survey / Granger, C. W. J. (Clive William John), 1934-2009 -- On the dynamic specification of aggregated models / Lippi, Marco ; Forni, Mario -- Aggregation versus disaggregation inforecasting construction activity / Ilmakunnas, Pekka -- Aggregation problemas in a model of wage formation and employment demand / Deutsch, Edwin ; Rodler, Kurt -- Aggregation bias in labour demand equations for the UK economy / Lee, K. ; Pesaran, M. Hashem, 1946 ; Pierse, R. G. -- Optimal aggegation of linear net export systems / Leamer, Edward E. -- The choice of aggregate production functions in Mexican industries / Sterner, Thomas, 1952 -- Disaggregation of the demand for hospital care / Vliet, R. C. J. A. van ; Doorslaer, Eddy K. A. -- Aggregation in discrete choice models: an illustration of non-linear aggregation / Cameron, Adrián Colin -- Macroeconomic and microeconomic modelling: some issues / Higson, Shris ; Holly, Sean -- MICROFKA: integrating a micro labour-supply model and a macro model of the Dutch economy / Jacken, Peter ten ; Kapteyn, Arie -- Macro to micro linkage: same experiments with the UK commodity flow accounts / Barker, Terry -- Whta determines the bank borrowing and liquid lending of UK companies? Explanations based on aggregated and disaggregated data / Green, Christopher ; Chowdhury, Gopa ; Miles, David -- Some threshold problems in modeling the company sector / Meeks, Geoffrey. | |
| 020 | |a 0415009189 | ||
| 700 | 1 | |a Barker, Terry. |4 edt | |
| 700 | 1 | |a Pesaran, M. Hashem, |d 1946- |4 edt | |
| 082 | 0 | 0 | |a 330/.01/5195 |2 20 |
| 650 | 7 | |a Econometría. |2 Isoc | |
| 650 | 7 | |a Series temporales. |2 Isoc | |
| 650 | 7 | |a Modelo econométrico. |2 Isoc | |
| 010 | |a 90032516 | ||
| 040 | |a DLC |c DLC |d DLC | ||
| 050 | 0 | 0 | |a HB141 |b .D47 1990 |
| 859 | |a AR-BaUEB |b BIB. ECONOMIA - General |h 330.015195 |i P436 |p e08675 | ||
